Score 0/36 Timer 05:00
1 Play Today
Hint Answer % Correct
FruitTomato
96.9%
Alcoholic BeverageVodka
94.9%
Metallic ElementZinc
94.1%
InstrumentOboe
94%
InstrumentViolin
91.9%
FruitPineapple
90.7%
Metallic ElementGold
90.6%
WoodBeech
88.2%
FruitCucumber
85.3%
Alcoholic BeverageSake
84.4%
FruitStrawberry
83.5%
FruitGrapefruit
83.3%
FruitKiwifruit
80.3%
Alcoholic BeverageWhisky
80.2%
WoodMahogany
78%
InstrumentTrombone
77.1%
InstrumentPiccolo
75.3%
WoodBalsa
74.3%
Hint Answer % Correct
Alcoholic BeverageTequila
69.8%
EmpireRoman
68.5%
Metallic ElementLithium
67.1%
Metallic ElementCobalt
63.9%
EmpireByzantine
61.8%
WoodSassafras
57%
Alcoholic BeverageCider
56.8%
EmpireMongol
55.7%
Metallic ElementCalcium
52.2%
EmpireOttoman
44.3%
InstrumentTimpani
42.4%
Metallic ElementPlatinum
39.5%
InstrumentTambourine
34.9%
EmpireBritish
33.7%
WoodChestnut
31.2%
WoodCypress
29.2%
Alcoholic BeverageAbsinthe
12.4%
EmpireSeleucid
2.7%
Remove Ads.
Support Sporcle.
Get the best of Sporcle when you Go Orange. This ad-free experience offers more features, more stats, and more fun while also helping to support Sporcle. Thank you for becoming a member.

You're not logged in!

Compare scores with friends on all Sporcle quizzes.
OR
Log In

Show Comments

Extras

Top Quizzes Today


Score Distribution

Your Account Isn't Verified!

In order to create a playlist on Sporcle, you need to verify the email address you used during registration. Go to your Sporcle Settings to finish the process.

Report this User

Report this user for behavior that violates our Community Guidelines.

Details: